000
nam a22 7a 4500
999
_c
356140
_d
356140
003
NUST
005
20180125101112.0
008
180125b xxu||||| |||| 00| 0 eng d
040
_c
0
082
_a
628 MAN
245
_a
The VISOCOLOR reagent case for soil analysis
260
_c
2012
300
_a
37p.
500
_a
P.B
942
_2
ddc
_c
BK
_k
IESE